| 000 | 00514nam a2200193Ia 4500 | ||
|---|---|---|---|
| 003 | GCL | ||
| 008 | 140319s9999 xx 000 0 eng d | ||
| 040 |
_aGCL / _cGCL |
||
| 082 | 0 | 4 |
_a591.51 _bF F |
| 100 | 1 | _aFRASER, A.F. | |
| 245 | 1 | 0 |
_aFARM ANIMAL BEHAVIOR AND WELFARE, 3RD ED / _cFRASER, A.F. |
| 700 | 1 | _aBROOM, D.M. | |
| 260 |
_a[S.N] : _bENGLISH LANGUAGE BOOK SOCIENY LANGMAN ، _c1990 |
||
| 300 | _a437 P | ||
| 650 | 0 | 4 | _aLIVE STOCK |
| 650 | 0 | 4 | _aANIMAL BEHAVIOR |
| 650 | 0 | 4 | _aWELFARE |
| 942 |
_2ddc _cBK |
||
| 999 |
_c20467 _d20467 |
||